000
00210 a2200109 4500
020
_a
9789992474686
041
_a
spa
100
_a
Anonimo
245
_a
Educacion inicial 2do nivel
942
_c
BK
952
_7
1
999
_c
21477
_d
21477